Mother & child: From the perspecive of chronic illness/ (Record no. 192863)

MARC details
000 -LEADER
fixed length control field 00579nam a22001817a 4500
005 - DATE AND TIME OF LATEST TRANSACTION
control field 20221007115408.0
010 ## - LCCN (DPL NO)
LC control number ENG-135326
020 ## - INTERNATIONAL STANDARD BOOK NUMBER
Terms of availability 900.00
International Standard Book Number 9789387002036
035 ## - SYSTEM CONTROL NUMBER
System control number EN-118858
037 ## - SOURCE OF ACQUISITION
Source of stock number/acquisition DBAD/PUB
082 ## - DEWEY DECIMAL CLASSIFICATION NUMBER
Classification number 362.1982
100 ## - MAIN ENTRY--PERSONAL NAME
Personal name Tripathi, Ira
245 ## - TITLE STATEMENT
Title Mother & child: From the perspecive of chronic illness/
Statement of responsibility, etc Ira Tripathi
260 ## - PUBLICATION, DISTRIBUTION, ETC. (IMPRINT)
Place of publication, distribution, etc Greater Noida
Name of publisher, distributor, etc Disha International PUblishing House
Date of publication, distribution, etc 2018
270 ## - ADDRESS
City Greater Noida
Address 88, Bhunna Taga P.s. Rabupura
Postal code 203209
300 ## - PHYSICAL DESCRIPTION
Extent 232p.
Dimensions 22cm(hbk)
942 ## - ADDED ENTRY ELEMENTS (KOHA)
Source of classification or shelving scheme Dewey Decimal Classification
Item type English Books
Call number suffix TRI
Classification part 362.1982
Holdings
Withdrawn status Lost status Not for loan Collection code Home library Current library Date acquired Source of acquisition Cost, normal purchase price Full call number Barcode Copy number Cost, replacement price Koha item type
      Non-fiction Bawana Bawana 07/10/2022 DBAD/PUB 900.00 362.1982 TRI EN-118858 1 900.00 English Books

© Delhi Public Library
Hit Counter
free hit counter